000 00842nam a22002657a 4500
003 OSt
005 20260417150716.0
008 260417b |||||||| |||| 00| 0 eng d
020 _a978-81-19771-77-6
037 _cTextbook
040 _aFEDL
_beng
_cFEDL
041 _ahin
_hhin
082 _a372-35 GUP/R
100 _aGupte, Arvind, Ed.
_91235053
245 _aMiddle school jeev vigyan:
_bShikshon ke liye ek sansadhan [Hindi]/
_cedited bu Arvind ...[et.al]
260 _aBhopal
_bEklaya Foundations
_c2025
300 _a164p.
365 _aINR
_b275.00
650 _aELEMEMTARU SCHOOL
_91235054
700 _aUma Sudhir, Ed.
_91235055
700 _aPanwar, Kishore, Ed.
_91235056
700 _aPure, Bharat, Ed....[et...al]
_91235057
942 _2ddc
_cTB
_h372.35 GUP/R
_n0
999 _c1848306
_d1848306